00233pam a2200109 a 4500020000500000041000500005082001300010245004000023250001000063260003400073300001600107 c h a778bHOL aAtlantabAtlantahTextual Documents a1986. a[s.l]:bCities in colour Inc. a64:bpaper.